Quizzes
Events
Quiz Creation
Community
Videos
Private Events
Remove Ads
Sign In
Join for FREE
Feedback
Dark Mode
Quiz Categories
Sports
Geography
Music
Movies
Television
Just For Fun
Miscellaneous
History
Literature
Language
Science
Gaming
Entertainment
Religion
Holiday
For Kids
Quiz Lab
Recent
Popular Today
Quiz Kudos Today
Editor Picks
Curator Picks
Quizzes by...
Day
Popularity
Type
Ratings
Length
Year
Community
Subscriptions
Recent Discussions
Orange Saloon
Badges
Playlists
Quests
Create
Leaderboards
Showdown
Live 5
Trivia Bingo
Activity
Puzzle Library
Sporcle Events
Private Events
Virtual Trivia
Globe League
Become a Host
Pub Owners
SporcleCon
Opinionation
Our Games
Videos
Blog
Mobile Apps
Partnerships
Remove Ads and Go Orange
Feedback
Sports
Athletes
MLB
NBA
NHL
NFL
Soccer
Sports Teams
WWE
NCAA
Football
Premier League
Basketball
Baseball
Hockey
Golf
Tennis
Cricket
Rugby
Auto Racing
Olympics
World Cup
Sports
Athletes
MLB
NBA
NHL
NFL
Soccer
Sports Teams
WWE
NCAA
Football
Premier League
Basketball
Baseball
Hockey
Golf
Tennis
Cricket
Rugby
Auto Racing
Olympics
World Cup
Random Quiz
Search Sporcle
×
Quiz Lab
Quiz Lab
Sports
Event
Type in answers that appear in a list
Type in answers that appear in a list
Classic
Best Score? Go Orange.
NASCAR Standings Weekly Top 10 2002 Stats
Can you name the NASCAR Standings Weekly Top 10 2002?
By
Respect69
18m
360 Questions
244 Plays
244 Plays
244 Plays
Comments
Comments
Give Quiz Kudos
Give Quiz Kudos
-
- Ratings
hide this ad
Replay
Link that replays current quiz
Next Quiz
Link to next quiz in quiz playlist
You Got
0%
They Got
Avg Score
79%
Avg Friend Score
Upgrade to see
Score Distribution
Jump to the score distribution portion of the page
Score
0/360
Timer
18:00
0
Plays Today
Event
Driver
% Correct
Race 1 Daytona
Jeff Gordon
100%
Race 6 Bristol
Jeff Gordon
100%
Race 4 Atlanta
Tony Stewart
99.6%
Race 7 Texas
Tony Stewart
99.6%
Race 8 Martinsville
Tony Stewart
99.6%
Race 9 Talladega
Tony Stewart
99.6%
Race 11 Richmond
Tony Stewart
99.6%
Race 12 Charlotte
Tony Stewart
99.6%
Race 13 Dover
Tony Stewart
99.6%
Race 14 Pocono
Tony Stewart
99.6%
Race 15 Michigan
Tony Stewart
99.6%
Race 16 Sonoma
Tony Stewart
99.6%
Race 17 Daytona
Tony Stewart
99.6%
Race 18 Chicagoland
Tony Stewart
99.6%
Race 19 Loudon
Tony Stewart
99.6%
Race 20 Pocono
Tony Stewart
99.6%
Race 21 Indianapolis
Tony Stewart
99.6%
Race 22 Watkins Glen
Tony Stewart
99.6%
Race 23 Michigan
Tony Stewart
99.6%
Race 24 Bristol
Tony Stewart
99.6%
Race 25 Darlington
Tony Stewart
99.6%
Race 26 Richmond
Tony Stewart
99.6%
Race 27 Loudon
Tony Stewart
99.6%
Race 28 Dover
Tony Stewart
99.6%
Race 29 Kansas
Tony Stewart
99.6%
Race 30 Talladega
Tony Stewart
99.6%
Race 31 Charlotte
Tony Stewart
99.6%
Race 32 Martinsville
Tony Stewart
99.6%
Race 33 Atlanta
Tony Stewart
99.6%
Race 34 Rockingham
Tony Stewart
99.6%
Race 35 Phoenix
Tony Stewart
99.6%
Race 36 Homestead
Tony Stewart
99.6%
Race 2 Rockingham
Jeff Gordon
99.2%
Race 3 Las Vegas
Jeff Gordon
99.2%
Race 5 Darlington
Jeff Gordon
99.2%
Race 7 Texas
Jeff Gordon
99.2%
Race 8 Martinsville
Jeff Gordon
99.2%
Race 9 Talladega
Jeff Gordon
99.2%
Race 10 Fontana
Jeff Gordon
99.2%
Race 11 Richmond
Jeff Gordon
99.2%
Race 12 Charlotte
Jeff Gordon
99.2%
Race 13 Dover
Jeff Gordon
99.2%
Race 14 Pocono
Jeff Gordon
99.2%
Race 15 Michigan
Jeff Gordon
99.2%
Race 16 Sonoma
Jeff Gordon
99.2%
Race 17 Daytona
Jeff Gordon
99.2%
Race 18 Chicagoland
Jeff Gordon
99.2%
Race 19 Loudon
Jeff Gordon
99.2%
Race 20 Pocono
Jeff Gordon
99.2%
Race 21 Indianapolis
Jeff Gordon
99.2%
Race 22 Watkins Glen
Jeff Gordon
99.2%
Race 23 Michigan
Jeff Gordon
99.2%
Race 24 Bristol
Jeff Gordon
99.2%
Race 25 Darlington
Jeff Gordon
99.2%
Race 26 Richmond
Jeff Gordon
99.2%
Race 27 Loudon
Jeff Gordon
99.2%
Race 28 Dover
Jeff Gordon
99.2%
Race 29 Kansas
Jeff Gordon
99.2%
Race 30 Talladega
Jeff Gordon
99.2%
Race 31 Charlotte
Jeff Gordon
99.2%
Race 32 Martinsville
Jeff Gordon
99.2%
Race 33 Atlanta
Jeff Gordon
99.2%
Race 34 Rockingham
Jeff Gordon
99.2%
Race 35 Phoenix
Jeff Gordon
99.2%
Race 36 Homestead
Jeff Gordon
99.2%
Race 4 Atlanta
Jeff Burton
98.2%
Race 6 Bristol
Jeff Burton
98.2%
Race 10 Fontana
Tony Stewart
98.2%
Race 11 Richmond
Jeff Burton
98.2%
Race 14 Pocono
Jeff Burton
98.2%
Race 30 Talladega
Sterling Marlin
98.2%
Race 1 Daytona
Ward Burton
97.5%
Race 2 Rockingham
Ward Burton
97.5%
Race 3 Las Vegas
Ward Burton
97.5%
Race 4 Atlanta
Ward Burton
97.5%
Race 5 Darlington
Ward Burton
97.5%
Race 1 Daytona
Sterling Marlin
96.7%
Race 2 Rockingham
Sterling Marlin
96.7%
Race 3 Las Vegas
Sterling Marlin
96.7%
Race 4 Atlanta
Sterling Marlin
96.7%
Race 5 Darlington
Sterling Marlin
96.7%
Race 6 Bristol
Sterling Marlin
96.7%
Race 7 Texas
Sterling Marlin
96.7%
Race 8 Martinsville
Sterling Marlin
96.7%
Race 9 Talladega
Sterling Marlin
96.7%
Race 10 Fontana
Sterling Marlin
96.7%
Race 11 Richmond
Sterling Marlin
96.7%
Race 12 Charlotte
Sterling Marlin
96.7%
Race 13 Dover
Sterling Marlin
96.7%
Race 14 Pocono
Sterling Marlin
96.7%
Race 15 Michigan
Sterling Marlin
96.7%
Race 16 Sonoma
Sterling Marlin
96.7%
Race 17 Daytona
Sterling Marlin
96.7%
Race 18 Chicagoland
Sterling Marlin
96.7%
Race 19 Loudon
Sterling Marlin
96.7%
Race 20 Pocono
Sterling Marlin
96.7%
Race 21 Indianapolis
Sterling Marlin
96.7%
Race 22 Watkins Glen
Sterling Marlin
96.7%
Race 23 Michigan
Sterling Marlin
96.7%
Race 24 Bristol
Sterling Marlin
96.7%
Race 25 Darlington
Sterling Marlin
96.7%
Race 26 Richmond
Sterling Marlin
96.7%
Race 27 Loudon
Sterling Marlin
96.7%
Race 28 Dover
Sterling Marlin
96.7%
Race 29 Kansas
Sterling Marlin
96.7%
Race 4 Atlanta
Jimmie Johnson
96.4%
Race 5 Darlington
Mark Martin
96.4%
Race 9 Talladega
Mark Martin
96.4%
Race 2 Rockingham
Jeff Burton
96.3%
Race 3 Las Vegas
Jeff Burton
96.3%
Race 5 Darlington
Jimmie Johnson
96.3%
Race 5 Darlington
Jeff Burton
96.3%
Race 6 Bristol
Jimmie Johnson
96.3%
Race 7 Texas
Jimmie Johnson
96.3%
Race 8 Martinsville
Jimmie Johnson
96.3%
Race 9 Talladega
Jimmie Johnson
96.3%
Race 10 Fontana
Jimmie Johnson
96.3%
Race 11 Richmond
Jimmie Johnson
96.3%
Race 12 Charlotte
Jimmie Johnson
96.3%
Race 13 Dover
Jimmie Johnson
96.3%
Event
Driver
% Correct
Race 14 Pocono
Jimmie Johnson
96.3%
Race 15 Michigan
Jimmie Johnson
96.3%
Race 16 Sonoma
Jimmie Johnson
96.3%
Race 17 Daytona
Jimmie Johnson
96.3%
Race 18 Chicagoland
Jimmie Johnson
96.3%
Race 19 Loudon
Jimmie Johnson
96.3%
Race 20 Pocono
Jimmie Johnson
96.3%
Race 21 Indianapolis
Jimmie Johnson
96.3%
Race 22 Watkins Glen
Jimmie Johnson
96.3%
Race 23 Michigan
Jimmie Johnson
96.3%
Race 24 Bristol
Jimmie Johnson
96.3%
Race 25 Darlington
Jimmie Johnson
96.3%
Race 26 Richmond
Jimmie Johnson
96.3%
Race 27 Loudon
Jimmie Johnson
96.3%
Race 28 Dover
Jimmie Johnson
96.3%
Race 29 Kansas
Jimmie Johnson
96.3%
Race 30 Talladega
Jimmie Johnson
96.3%
Race 31 Charlotte
Jimmie Johnson
96.3%
Race 32 Martinsville
Jimmie Johnson
96.3%
Race 33 Atlanta
Jimmie Johnson
96.3%
Race 34 Rockingham
Jimmie Johnson
96.3%
Race 35 Phoenix
Jimmie Johnson
96.3%
Race 36 Homestead
Jimmie Johnson
96.3%
Race 1 Daytona
Mark Martin
95.5%
Race 3 Las Vegas
Mark Martin
95.5%
Race 4 Atlanta
Mark Martin
95.5%
Race 6 Bristol
Dale Earnhardt, Jr.
95.5%
Race 6 Bristol
Mark Martin
95.5%
Race 7 Texas
Mark Martin
95.5%
Race 8 Martinsville
Mark Martin
95.5%
Race 9 Talladega
Dale Earnhardt, Jr.
95.5%
Race 10 Fontana
Mark Martin
95.5%
Race 11 Richmond
Mark Martin
95.5%
Race 12 Charlotte
Mark Martin
95.5%
Race 13 Dover
Mark Martin
95.5%
Race 14 Pocono
Mark Martin
95.5%
Race 15 Michigan
Mark Martin
95.5%
Race 16 Sonoma
Mark Martin
95.5%
Race 17 Daytona
Mark Martin
95.5%
Race 18 Chicagoland
Mark Martin
95.5%
Race 19 Loudon
Mark Martin
95.5%
Race 20 Pocono
Mark Martin
95.5%
Race 21 Indianapolis
Mark Martin
95.5%
Race 22 Watkins Glen
Mark Martin
95.5%
Race 23 Michigan
Mark Martin
95.5%
Race 24 Bristol
Mark Martin
95.5%
Race 25 Darlington
Mark Martin
95.5%
Race 26 Richmond
Mark Martin
95.5%
Race 27 Loudon
Mark Martin
95.5%
Race 28 Dover
Mark Martin
95.5%
Race 29 Kansas
Mark Martin
95.5%
Race 30 Talladega
Mark Martin
95.5%
Race 31 Charlotte
Mark Martin
95.5%
Race 32 Martinsville
Mark Martin
95.5%
Race 33 Atlanta
Mark Martin
95.5%
Race 34 Rockingham
Mark Martin
95.5%
Race 35 Phoenix
Mark Martin
95.5%
Race 36 Homestead
Mark Martin
95.5%
Race 2 Rockingham
Matt Kenseth
94.6%
Race 3 Las Vegas
Matt Kenseth
94.6%
Race 5 Darlington
Dale Earnhardt, Jr.
94.6%
Race 8 Martinsville
Dale Earnhardt, Jr.
94.6%
Race 10 Fontana
Dale Earnhardt, Jr.
94.6%
Race 18 Chicagoland
Matt Kenseth
94.6%
Race 19 Loudon
Matt Kenseth
94.6%
Race 20 Pocono
Matt Kenseth
94.6%
Race 21 Indianapolis
Matt Kenseth
94.6%
Race 22 Watkins Glen
Matt Kenseth
94.6%
Race 23 Michigan
Matt Kenseth
94.6%
Race 24 Bristol
Matt Kenseth
94.6%
Race 25 Darlington
Matt Kenseth
94.6%
Race 27 Loudon
Matt Kenseth
94.6%
Race 4 Atlanta
Matt Kenseth
93.9%
Race 5 Darlington
Matt Kenseth
93.9%
Race 6 Bristol
Matt Kenseth
93.9%
Race 7 Texas
Matt Kenseth
93.9%
Race 8 Martinsville
Matt Kenseth
93.9%
Race 9 Talladega
Matt Kenseth
93.9%
Race 10 Fontana
Matt Kenseth
93.9%
Race 11 Richmond
Matt Kenseth
93.9%
Race 12 Charlotte
Matt Kenseth
93.9%
Race 13 Dover
Matt Kenseth
93.9%
Race 14 Pocono
Matt Kenseth
93.9%
Race 15 Michigan
Matt Kenseth
93.9%
Race 16 Sonoma
Matt Kenseth
93.9%
Race 17 Daytona
Matt Kenseth
93.9%
Race 26 Richmond
Matt Kenseth
93.9%
Race 28 Dover
Matt Kenseth
93.9%
Race 29 Kansas
Matt Kenseth
93.9%
Race 30 Talladega
Matt Kenseth
93.9%
Race 31 Charlotte
Matt Kenseth
93.9%
Race 32 Martinsville
Matt Kenseth
93.9%
Race 33 Atlanta
Matt Kenseth
93.9%
Race 34 Rockingham
Matt Kenseth
93.9%
Race 35 Phoenix
Matt Kenseth
93.9%
Race 36 Homestead
Matt Kenseth
93.9%
Race 14 Pocono
Kurt Busch
92.9%
Race 15 Michigan
Kurt Busch
92.9%
Race 16 Sonoma
Kurt Busch
92.9%
Race 17 Daytona
Kurt Busch
92.9%
Race 18 Chicagoland
Kurt Busch
92.9%
Race 21 Indianapolis
Kurt Busch
92.9%
Race 31 Charlotte
Kurt Busch
92.9%
Race 1 Daytona
Ryan Newman
92.6%
Race 2 Rockingham
Ryan Newman
92.6%
Race 3 Las Vegas
Ryan Newman
92.6%
Race 4 Atlanta
Ryan Newman
92.6%
Race 5 Darlington
Ryan Newman
92.6%
Race 6 Bristol
Ryan Newman
92.6%
Race 27 Loudon
Ryan Newman
92.6%
Race 28 Dover
Ryan Newman
92.6%
Race 29 Kansas
Ryan Newman
92.6%
Race 30 Talladega
Ryan Newman
92.6%
Race 31 Charlotte
Ryan Newman
92.6%
Race 32 Martinsville
Ryan Newman
92.6%
Race 33 Atlanta
Ryan Newman
92.6%
Race 34 Rockingham
Ryan Newman
92.6%
Race 35 Phoenix
Ryan Newman
92.6%
Race 36 Homestead
Ryan Newman
92.6%
Race 1 Daytona
Kurt Busch
91.8%
Event
Driver
% Correct
Race 2 Rockingham
Kurt Busch
91.8%
Race 3 Las Vegas
Kurt Busch
91.8%
Race 4 Atlanta
Kurt Busch
91.8%
Race 6 Bristol
Kurt Busch
91.8%
Race 7 Texas
Kurt Busch
91.8%
Race 8 Martinsville
Kurt Busch
91.8%
Race 9 Talladega
Kurt Busch
91.8%
Race 10 Fontana
Kurt Busch
91.8%
Race 11 Richmond
Kurt Busch
91.8%
Race 12 Charlotte
Kurt Busch
91.8%
Race 13 Dover
Kurt Busch
91.8%
Race 19 Loudon
Kurt Busch
91.8%
Race 20 Pocono
Kurt Busch
91.8%
Race 32 Martinsville
Kurt Busch
91.8%
Race 33 Atlanta
Kurt Busch
91.8%
Race 34 Rockingham
Kurt Busch
91.8%
Race 35 Phoenix
Kurt Busch
91.8%
Race 36 Homestead
Kurt Busch
91.8%
Race 1 Daytona
Elliott Sadler
91.4%
Race 2 Rockingham
Rusty Wallace
91.1%
Race 3 Las Vegas
Rusty Wallace
91.1%
Race 7 Texas
Bill Elliott
91.1%
Race 12 Charlotte
Bill Elliott
91.1%
Race 13 Dover
Bill Elliott
91.1%
Race 15 Michigan
Bill Elliott
91.1%
Race 16 Sonoma
Bill Elliott
91.1%
Race 17 Daytona
Bill Elliott
91.1%
Race 19 Loudon
Bill Elliott
91.1%
Race 20 Pocono
Bill Elliott
91.1%
Race 22 Watkins Glen
Ryan Newman
91.1%
Race 26 Richmond
Ryan Newman
91.1%
Race 28 Dover
Bill Elliott
91.1%
Race 29 Kansas
Bill Elliott
91.1%
Race 4 Atlanta
Rusty Wallace
90.6%
Race 5 Darlington
Rusty Wallace
90.6%
Race 6 Bristol
Rusty Wallace
90.6%
Race 7 Texas
Rusty Wallace
90.6%
Race 8 Martinsville
Rusty Wallace
90.6%
Race 9 Talladega
Rusty Wallace
90.6%
Race 10 Fontana
Rusty Wallace
90.6%
Race 11 Richmond
Rusty Wallace
90.6%
Race 12 Charlotte
Rusty Wallace
90.6%
Race 13 Dover
Rusty Wallace
90.6%
Race 14 Pocono
Rusty Wallace
90.6%
Race 15 Michigan
Rusty Wallace
90.6%
Race 16 Sonoma
Rusty Wallace
90.6%
Race 17 Daytona
Rusty Wallace
90.6%
Race 18 Chicagoland
Rusty Wallace
90.6%
Race 19 Loudon
Rusty Wallace
90.6%
Race 20 Pocono
Rusty Wallace
90.6%
Race 21 Indianapolis
Rusty Wallace
90.6%
Race 22 Watkins Glen
Rusty Wallace
90.6%
Race 23 Michigan
Rusty Wallace
90.6%
Race 24 Bristol
Rusty Wallace
90.6%
Race 25 Darlington
Rusty Wallace
90.6%
Race 26 Richmond
Rusty Wallace
90.6%
Race 27 Loudon
Rusty Wallace
90.6%
Race 28 Dover
Rusty Wallace
90.6%
Race 29 Kansas
Rusty Wallace
90.6%
Race 30 Talladega
Rusty Wallace
90.6%
Race 31 Charlotte
Rusty Wallace
90.6%
Race 32 Martinsville
Rusty Wallace
90.6%
Race 33 Atlanta
Rusty Wallace
90.6%
Race 34 Rockingham
Rusty Wallace
90.6%
Race 35 Phoenix
Rusty Wallace
90.6%
Race 36 Homestead
Rusty Wallace
90.6%
Race 7 Texas
Ricky Rudd
89.3%
Race 8 Martinsville
Ricky Rudd
89.3%
Race 9 Talladega
Ricky Rudd
89.3%
Race 11 Richmond
Ricky Rudd
89.3%
Race 12 Charlotte
Ricky Rudd
89.3%
Race 13 Dover
Ricky Rudd
89.3%
Race 23 Michigan
Dale Jarrett
89.3%
Race 24 Bristol
Dale Jarrett
89.3%
Race 25 Darlington
Dale Jarrett
89.3%
Race 26 Richmond
Ricky Rudd
89.3%
Race 27 Loudon
Ricky Rudd
89.3%
Race 28 Dover
Ricky Rudd
89.3%
Race 29 Kansas
Ricky Rudd
89.3%
Race 30 Talladega
Ricky Rudd
89.3%
Race 31 Charlotte
Ricky Rudd
89.3%
Race 32 Martinsville
Dale Jarrett
89.3%
Race 32 Martinsville
Ricky Rudd
89.3%
Race 33 Atlanta
Ricky Rudd
89.3%
Race 33 Atlanta
Dale Jarrett
89.3%
Race 34 Rockingham
Ricky Rudd
89.3%
Race 34 Rockingham
Dale Jarrett
89.3%
Race 35 Phoenix
Ricky Rudd
89.3%
Race 35 Phoenix
Dale Jarrett
89.3%
Race 36 Homestead
Dale Jarrett
89.3%
Race 36 Homestead
Ricky Rudd
89.3%
Race 2 Rockingham
Bill Elliott
88.5%
Race 3 Las Vegas
Bill Elliott
88.5%
Race 18 Chicagoland
Bill Elliott
88.5%
Race 21 Indianapolis
Bill Elliott
88.5%
Race 22 Watkins Glen
Bill Elliott
88.5%
Race 23 Michigan
Bill Elliott
88.5%
Race 24 Bristol
Bill Elliott
88.5%
Race 25 Darlington
Bill Elliott
88.5%
Race 26 Richmond
Bill Elliott
88.5%
Race 27 Loudon
Bill Elliott
88.5%
Race 30 Talladega
Bill Elliott
88.5%
Race 31 Charlotte
Bill Elliott
88.5%
Race 1 Daytona
Michael Waltrip
87.7%
Race 10 Fontana
Ricky Rudd
84.8%
Race 14 Pocono
Ricky Rudd
84.8%
Race 15 Michigan
Ricky Rudd
84.8%
Race 16 Sonoma
Ricky Rudd
84.8%
Race 17 Daytona
Ricky Rudd
84.8%
Race 18 Chicagoland
Ricky Rudd
84.8%
Race 19 Loudon
Ricky Rudd
84.8%
Race 20 Pocono
Ricky Rudd
84.8%
Race 21 Indianapolis
Ricky Rudd
84.8%
Race 22 Watkins Glen
Ricky Rudd
84.8%
Race 23 Michigan
Ricky Rudd
84.8%
Race 24 Bristol
Ricky Rudd
84.8%
Race 25 Darlington
Ricky Rudd
84.8%
Race 1 Daytona
Geoffrey Bodine
82.8%
Race 1 Daytona
Johnny Benson, Jr.
76.8%
Race 2 Rockingham
Ricky Craven
72.5%
Quiz Playlist
Details
Report
Send in Message
Add To Playlist
Classic:
Type in answers that appear in a list
Last Updated: Oct 24, 2022
Quiz Scoreboard
CHALLENGE
Sign Up to Join the Scoreboard
Show All
Scores
Hide
Comments
May contain spoilers
Recently Published
Click the 1999 NBA Draft
by nibperrychub
Sports
2m
Alphabetical 'K' Countries by Flag Minefield
by ylime102
Geography
3m
Pick 6: Fruits
by JohnFran
Miscellaneous
15s
More to Explore
Quiz From the Vault
Featured Blog Post
15 Basketball Trivia Facts You Can Be March Mad About
hide this ad
You Might Also Like...
Tags
2001
Driver
Event
NASCAR
position
Weekly
Today's Top Quizzes in Sports
Browse Sports
hide this ad
Today's Top Quizzes in Event
Browse Event
Top Contributed Quizzes in Sports
1
Les joueurs à 100 buts en Ligue 1 Uber Eats
2
Pick 6: NFL Teams
3
2022 World Cup Stars
4
MLB 2 truths and a lie: Hall of Fame pitchers
5
Millionaire: NBA Finals Edition
6
Pick 6: Minor League Baseball
7
Criteria MLB: Left Handed Sluggers
8
Click the 1998 NBA Draft
9
Pick 6: Olympics
10
Don't Strike Out: 3000 Strikeouts
Explore More
Trending Topics
Marvel
Kpop
Disney
Anime
NBA
Crossword
Harry Potter
Song
Puzzle
WWE
Pokémon
The Office
Soccer
Country
NFL
hide this ad
More By:
Respect69
Quiz
Plays
Rating
Category
Featured
Created
NASCAR 2016 Drivers
2,140
4.55
Sports
Dec 20, 2015
NASCAR 2017 Drivers
1,950
4.56
Sports
Jan 22, 2017
NASCAR 2018 Drivers
1,342
4.00
Sports
Dec 23, 2017
NASCAR Drivers 2023
827
4.20
Sports
Oct 21, 2022
Brock Lesnar WWE PPV Opponents
525
4.17
Sports
Mar 28, 2015
Go to Creator's Profile
Score Distribution
Quiz Creator Spotlight
Respect69
Follow
Send a Message
Quizzes Created
-
Created Quiz Play Count
-
More By This Creator
Popular Quizzes Today
1
Countries of Asia Without Outlines Minefield
2
Find the US States - No Outlines Minefield
3
Pick 6: Fruits
4
Alphabetical 'K' Countries by Flag Minefield
5
The Countries of the World
6
Find the Countries of Europe - No Outlines Minefield
7
Find the US States
8
US States
More Sports Quizzes
Big 4 Sports Teams by Division Blitz
Published
Trending Quizzes
Pick 6: Mountains
Pick 6: Harry Potter
Pick 6: Flags
Pick 6: NFL Teams
Pick 6: Movie Franchises
Recently Updated
NWSL Teams
pecheneg
Women's Final Four Teams by Year
bhenderson79
Presidents Quartet II
eogle
Anything But Clue(do)
eogle
Anything But Oceanian Capitals
eogle
Anything But 7
eogle
Anything But Thing
eogle
Word Ladder: February 29
pecheneg
Song Title Questions
pecheneg
Women's NCAA Tournament #1 Seeds
pecheneg
Trending Topics
NBA
Kpop
Anime
Disney
Harry Potter
Marvel
Crossword
Song
Pokémon
Puzzle
WWE
Country
Soccer
The Office
NFL
Your Account Isn't Verified!
In order to create a playlist on Sporcle, you need to verify the email address you used during registration. Go to your
Sporcle Settings
to finish the process.
Report this User
Report this user for behavior that violates our
Community Guidelines
.
Details:
Send Report
Go to the Sporcle.com Mobile Site →
Comments